| 000 | 00336nam a2200097Ia 4500 | ||
|---|---|---|---|
| 008 | 220120s9999||||xx |||||||||||||| ||und|| | ||
| 100 |
_aAsief, Abdul and et.al _912418 |
||
| 245 | 0 | _aEmbedded design for power monitoring and optimization | |
| 260 |
_aCoorg Institute of Technology _bPonnampet _c2012 |
||
| 650 | _aELECTRONICS AND COMMUNICATIONS | ||
| 999 |
_c138005 _d138005 |
||